[Event "Corus"]
[Site "Wijk aan Zee"]
[Date "2000.01.23"]
[Round "7"]
[White "Kasparov, Garry"]
[Black "Anand, Viswanathan"]
[Result "1/2-1/2"]
[WhiteElo "2851"]
[BlackElo "2769"]
[Annotator "Wells,Peter K"]
[PlyCount "112"]
[EventDate "2000.01.15"]
[EventType "tourn"]
[EventRounds "13"]
[EventCountry "NED"]
[EventCategory "18"]
[SourceTitle "CBM 075"]
[Source "ChessBase"]
[SourceDate "2000.04.05"]
[SourceVersion "1"]
[SourceVersionDate "2000.04.05"]
[SourceQuality "1"]

1. d4 Nf6 2. c4 e6 3. Nc3 Bb4 4. Nf3 c5 5. g3 cxd4 6. Nxd4 O-O 7. Bg2 d5 8. cxd5 Nxd5 9. Qb3 {In the last few years, this has become very popular, almost completely replacing the old 9 Bd2.} Nc6 {Also becoming established as the main line.There are several important alternatives however:} (9... Qa5 10. Bd2 Na6 (10... Nc6 11. Nxc6 bxc6 12. O-O {- main line.}) 11. O-O Nxc3 12. Bxc3 Bxc3 13. Qxc3 Qxc3 14. bxc3 Nc5 {A fairly typical scenario. Black's structure is neat and he has a happy knight sitting comfortably on c5. However, with his next move white easily dislodges it, and shows that his superior bishop and the pressure on the half-open b file are more salient factors.} 15. Nb3 $1 $14 {[%csl Gc5][%cal Yb3c5,Yg2b7,Ya1b1]} Na4 16. c4 Rb8 17. c5 e5 18. Rfc1 Be6 19. Na5 b6 20. Nc6 Nxc5 $1 {Sensible, under the circumstances.} 21. Nxb8 Rxb8 22. Kf1 Kf8 23. Ke1 Ke7 24. Rd1 Rc8 25. Bd5 {and although white's task is not at all easy he eventually converted} Bd7 {1-0 Zvjaginsev,V-Podgaets,M/Moscow 1992/EXT 97 (59)}) (9... Qb6 10. Bxd5 $1 exd5 (10... Qxd4 11. Bg2 Nc6 12. Be3 Bxc3+ 13. bxc3 Qg4 14. Rd1 e5 15. h3 Qh5 16. Rd6 {Dautov, and in my view ''.}) 11. Be3 Nc6 (11... Bxc3+ 12. Qxc3 Qg6 $5 13. h4 $5 (13. O-O Nc6 14. Rfc1 Bh3 15. Qc2 Nxd4 16. Bxd4 Qe6 {Black has enough activity for the IQP and the opposite coloured bishops only help. In blitz he has more than enough.} 17. f3 Rfe8 18. Kf2 Qh6 19. Qd3 Re7 20. Rc2 Rae8 21. Re1 $2 Qh5 $1 $17 22. Kg1 Bf5 {0-1 Kasparov,G-Kramnik,V/Moscow 1998/CBM 67 ext (22)}) 13... h5 14. g4 Bxg4 15. f3 Rc8 16. Qd2 Nc6 17. fxg4 Ne5 18. gxh5 {Strange.} Qe4 19. Rg1 Nc4 20. Qd3 Nxe3 21. Qxe4 dxe4 22. Kf2 Nc2 23. Rad1 Rc5 24. Nxc2 Rxc2 25. Rd7 Rxb2 26. h6 $1 e3+ 27. Kxe3 (27. Kf3 $5) 27... Re8+ {½-½ Zvjaginsev,V-Polgar,J/Las Vegas 1999/CBM 72 (27) I must confess - I simply do not understand this game, although its players and setting render it to important to pass over.}) (11... Bh3 $5 {Interesting, although since g4 is a recurring theme in the line, it does seem rather to invite it!} 12. g4 $5 Nc6 (12... Nd7 13. Rg1 Nf6 14. Rg3 Bxg4 15. Nf5 Bxc3+ 16. Qxc3 Qe6 17. Nd4 (17. Nxg7 $5 Qa6 18. Rxg4 Nxg4 19. Nf5 $40) 17... Qd7 18. f3 Bh5 19. Bg5 Ne8 20. Kf2 f6 21. Bf4 Rc8 $15 {0-1 Rogozenko,D-Socko,B/Hamburg HSK 1996/CBM 56 (39)}) 13. Nxc6 Qxc6 14. Rg1 Bxc3+ 15. Qxc3 Qxc3+ 16. bxc3 f5 $13 {½-½ Bezold,M-Horvath,C/Budapest Honved 1994/EXP 45 (23)}) 12. Nxc6 (12. Rd1 Qa5 13. O-O Bh3 14. Rfe1 Rac8 15. Rc1 Ne5 16. Ndb5 Be6 17. Nd4 Nc4 {1-0 Beliavsky,A-Timman,J/Beograd 1995/Inf 65 (69) looks OK for black}) 12... Qxc6 (12... Bxc3+ 13. Qxc3 Qxc6 14. Qxc6 bxc6 15. Rc1 Bd7 16. f3 Rfb8 17. b3 a5 18. Bc5 a4 19. b4 Re8 20. a3 Bc8 21. Kf2 Ba6 22. e3 h5 23. h3 f6 24. Bd4 $16 {1-0 Alterman,B-Baumegger,S/Elista 1998/CBM 66 ext (64) is no easy technical task for white, but no fun at all for the opponent!}) 13. Qxb4 d4 14. f3 dxe3 {½-½ Nielsen,P-Pinter,J/Kobenhavn 1995/Inf 63 (14) is where the whole business started. No-one has seen fit to test this obscure position. Probably after} 15. O-O-O $5 {Black's e-pawn will eventually prove too vulnerable.}) (9... Na6 10. O-O Nxc3 (10... Nc5 $5) 11. bxc3 Be7 12. Rd1 Nc5 13. Qc4 Bd7 14. Be3 Rc8 15. Nc6 $1 Bxc6 (15... bxc6 16. Bxc5 Bxc5 17. Qxc5 Qc7 18. Rd4 Rb8 19. Rad1 Be8 20. Rb4 Rb6 21. a4 $16 {[%csl Re8,Rf8] 1-0 Avrukh,B-Finkel,A/Antwerp 1998/EXT 99 (34) looks quite unpleasant for black. Again the relative activity of the forces tells us a great deal.}) 16. Rxd8 Rfxd8 17. Bxc6 Rxc6 18. a4 $1 {This queen sacrifice might be found to be sufficient for a draw with perfect play - in any case it seems to me to be a rather masochistic variation to choose with black. White sets about preparing to undermine black's queenside, since ...b6 is likely to be required to consolidate it.} Rd5 (18... h6 19. Rb1 b6 20. a5 bxa5 $6 21. Rb7 $1 Nxb7 22. Qxc6 Nd6 23. c4 Kf8 24. Qa6 a4 25. Bxa7 a3 26. Bb6 Rb8 27. c5 {[%cal Yc5c8] 1-0 Huzman,A-Loginov,V/Beersheva 1998/EXT 99 (37) Once the blockade is broken, of course, the shrewd money has to be on white.}) 19. Rb1 Nd7 20. Qb3 b6 21. c4 Rdd6 22. Qb5 Rc8 23. a5 Rdc6 24. Qa6 (24. Rd1 $5 {around here I had a good feeling. The game is still too painful for a rigourous analysis.}) 24... R6c7 25. Rd1 Nc5 26. Qb5 Rc6 27. axb6 axb6 28. Ra1 Bf8 29. Ra7 Ne4 30. Qh5 R6c7 31. Rxc7 Rxc7 32. Qb5 Nd6 33. Qxb6 Rxc4 {½-½ Wells,P-Alterman,B/FIDE WCh KO, Groningen NED (1.2) 1997 (82) and now it should probably be a draw, although white constructed at least three more winning positions, two of them trivial, before it eventually was.}) (9... Bc5 $5 10. Bxd5 exd5 11. Be3 Bxd4 12. Bxd4 Nc6 13. Rd1 $14 b6 14. Qxd5 Qxd5 15. Nxd5 Rd8 16. Bc3 Be6 17. e4 Rd7 18. O-O Rad8 19. a3 f5 20. f3 Bxd5 21. Rxd5 {½-½ Kuemin,S-Cvitan,O/Zurich 1999/CBM 73 ext.}) 10. Nxc6 $1 bxc6 11. O-O Qa5 12. Bd2 Bxc3 (12... Rb8 $2 {[%csl Ra5,Rb8][%cal Yb3b8,Yd2a5]} 13. Nxd5 cxd5 14. a3 Bxd2 15. Qxb8 Bd7 16. Qb7 $16 {½-½ Barsov,A-Rowson,J/York 1999/CBM 75_02 (27)}) 13. bxc3 (13. Bxc3 $5 {is not particularly dangerous, but black has to be a bit careful. The endgame reached in Ribli-Wahls is not lost, but it is no joy to play for black either. The move is also a decisive headache for those wishing to play for a win with black.} Nxc3 14. bxc3 Ba6 15. Qb4 Qe5 (15... Qxb4 16. cxb4 Rab8 17. a3 Bxe2 18. Rfc1 Bb5 19. Bxc6 Bxc6 20. Rxc6 Rfc8 21. Rac1 Rxc6 22. Rxc6 $14 {[%csl Ya3,Ga7,Yb4][%cal Yg1g2,Yg2f3,Yf3e4,Ye4d4]} g5 23. Ra6 Rb7 24. Kg2 Kg7 25. Kf3 Kg6 26. Ke4 h5 27. f4 g4 28. f5+ Kf6 29. fxe6 fxe6 30. Ra5 Kg6 31. Re5 Rb6 32. Kd4 Rd6+ 33. Kc3 Ra6 34. Kb3 $16 {[%csl Ra6,Ye5] The relative activity of the rooks tells the story!} Rd6 35. b5 Rd2 36. Rxe6+ Kf5 37. Re7 Rxh2 38. Rxa7 Rh3 39. b6 Rxg3+ 40. Kb4 Re3 41. b7 Re4+ 42. Kb3 Re1 43. Ra5+ Kg6 44. Kc2 Re2+ 45. Kc3 Re3+ 46. Kc4 {1-0 Ribli,Z-Wahls,M/Bundesliga 1998.}) 16. Rfe1 Rab8 17. Qa3 Qb5 18. c4 Qxc4 19. Rac1 Qb5 20. Bxc6 Qb6 21. Be4 Bb5 22. Rb1 Rfd8 $11 {½-½ Rogozenko,D-Blauert,J/BL2-N 1996. (28)}) 13... Ba6 14. Rfd1 Qc5 ({The most played alternative is clearly in crisis -} 14... Rab8 $6 15. c4 $1 {Otherwise black would control the c4 square and be slightly more than comfortable.} Qc5 16. cxd5 $1 {This queen offer is of great importance since it underpins white's play in the whole line.} Rxb3 17. axb3 Bxe2 18. Re1 $1 {White simply attacks the bishop, and ensures that he will either reach v. or obtain a very powerful supported passed pawn. Since this seems to be very strong, and is well-known to be better than} (18. Rdc1 $6 {it was strange to see that Alterman was apparently unaware of this. He payed the price after} Qd6 19. Rxc6 (19. Be3 $6 cxd5 20. Bc5 Qb8 21. Bxf8 Kxf8 22. Rc2 Bb5 23. Rca2 a6 24. Bf1 Bxf1 25. Kxf1 Qxb3 26. Rxa6 g5 $17 {0-1 Nielsen,P-Emms,J/Copenhagen BSF 1995/CBM 46 (50)}) (19. Bf4 $5 e5 {[%csl Rd5]} 20. Rxc6 (20. Be3 $5 {Wells}) 20... Qb8 21. Be3 {Alterman might be the best chance, but in view of the strength of 18 Re1 it is largely academic.}) 19... Qd7 20. Bf4 exd5 21. Rd6 Qb5 22. Bxd5 a6 23. h4 (23. Bc4 Bxc4 24. bxc4 Qxc4 25. Rdxa6 $11 {Alterman.}) 23... h6 24. Rc1 Qb4 {0-1 Alterman,B-Timman,J/Elista 1998/CBM 66 ext (44) and white should maybe hold the balance, but that is the extent of his ambitions.}) 18... cxd5 (18... Bb5 19. dxc6 $16 {[%csl Yc6][%cal Yc6c7]} Bxc6 $6 20. Rac1 Qd6 (20... Qd4 21. Be3 $18) 21. Bf4 $18) 19. Rxe2 Qb6 20. b4 Rc8 21. Be1 h6 22. Rea2 Rc7 23. Bf1 Qd4 24. b5 Qc5 25. Bd2 e5 26. Rc1 Qe7 27. Rc6 Rd7 28. Ra4 d4 29. Bb4 Qe8 30. Bh3 Rd8 31. Rxa7 $18 {1-0 Nielsen,P-Savon,V/Pardubice op 1995/EXT 95op (43)}) ({In 1998 the move} 14... Bxe2 $5 {at last received a test. I had been expecting that someone would be moved to give it a try for some time, since black does get a rook and two pawns for his minor pieces, even though it is the bishop pair. Moreover, black's pawn structure is very solid.} 15. c4 Bxd1 16. Rxd1 {desirable other things being equal, but I had analysed} (16. Qxd1 $5 {at home because I believed that it was imperative for white to keep the queens on the board.}) 16... Qb6 17. cxd5 cxd5 $6 (17... Qxb3 $5 {looks much more logical to me. Is white better without queens?}) 18. Qf3 $1 Rac8 19. Bf1 Rc2 20. a3 Rfc8 21. Bd3 Ra2 22. Bb4 a5 23. Be7 Qb2 $6 24. Kg2 Rc1 25. Rxc1 Qxc1 26. Qf4 $5 {Now the situation is altered in the key sense that the exchange of queens now would leave black's a-pawn defenceless.} Qb2 (26... Qxf4 27. gxf4 {[%csl Ra5][%cal Yd3b5,Ya3a4,Ye7d8]}) 27. Bc5 Qb7 28. Qd6 Qa8 29. Bd4 h6 30. Qe5 Qf8 31. Bb2 $16 {[%csl Ra2] ½-½ Chabanon,J-Dorfman,J/Meribel 1998/CBM 67 (58)}) 15. e4 Bc4 $1 16. Qa4 Nb6 17. Qb4 Qh5 $5 ({I have thought that} 17... Qxb4 {is a legitimate defence too, even if the ending is not entirely comfortable for black. Obviously Kasparov, who does not leave such things to chance, considers the white position promising enough eg.} 18. cxb4 Rfd8 (18... Rad8 $6 {weakens a7 and is thus clearly inferior:} 19. Be3 Rxd1+ 20. Rxd1 Bxa2 21. Bc5 Rb8 22. Ra1 Bc4 23. Rxa7 h6 24. f4 Bb5 25. Rc7 Na8 26. Re7 Nb6 27. Bf3 $16 {1-0 Volzhin,A-Epishin,V/RUS-ch Elista 1996/CBM 56 (54)}) 19. Be3 e5 $5 (19... Bb5 20. Rxd8+ (20. e5 $5) 20... Rxd8 21. Bxb6 axb6 22. a4 Ra8 23. a5 Kf8 24. e5 Ke7 25. f4 bxa5 26. bxa5 Kd7 27. Kf2 Kc7 28. Ke3 {½-½ Fish,G-Shipov,S/Yalta op 1996/EXP 53 (31) should draw, although if my memory serves me, I managed to lose a similar ending in a rapid game ( with black! ) and it is not trivial to hold.}) 20. Rxd8+ $6 {Criticised by Leko, and rightly so.} (20. Rdc1 {is more thematic.}) 20... Rxd8 21. Bf1 Bb5 22. Rc1 f6 23. Bxb5 cxb5 24. Rc7 Nc4 {[%csl Gc4] This excellent piece will suffice to hold the game.} 25. Bxa7 Rd1+ 26. Kg2 Ra1 27. Bc5 Rxa2 28. Rb7 Nd2 29. Rxb5 Nxe4 30. Be3 Rb2 31. Rb8+ Kf7 32. Rb7+ Kg6 33. g4 h5 34. gxh5+ Kxh5 35. Rxg7 Rxb4 {½-½ Wells,P-Lalic,B/Szeged 1997/CBM 62 (35)}) 18. Be3 Be2 {This is a key part of black's idea.The bishop is sometimes headed for f3, sometimes just facilitating a changing of the c4 blockade guard.} 19. Rd2 (19. Re1 Nc4 20. Qc5 (20. Rxe2 $2 Qxe2 21. Bf1 Qb2 $17) 20... Rfd8 21. e5 $1 a5 22. h3 (22. Bd4 $2 Nd2 $132 {[%cal Gd2f3]}) 22... Nxe3 23. Qxe3 Bc4 24. Bxc6 Rac8 25. Bg2 a4 26. Qa7 Bb5 27. Qa5 $14 {0-1 Shaked,T-Georgiev,K/Las Vegas 1999/CBM 72 (55)}) 19... Rab8 20. Bxb6 (20. Qc5 $5) (20. Bc5 Nc4 21. Bxf8 Rxb4 22. Rd8 h6 23. cxb4 Kh7) 20... axb6 21. Qd6 Bf3 $146 (21... Rfc8 $5 22. h3 (22. Rb1 h6 $5) 22... Bf3 23. Rb1 (23. g4 Qg5 {[%csl Rd2][%cal Gc8d8]}) 23... Bxg2 24. Kxg2 Qa5 {½-½ Van Wely,L-Short,N/Wijk aan Zee 2000/CBM 75_02 (24)}) ({RR} 21... Rfc8 22. Rb1 h6 23. a4 Bf3 24. Qf4 Bxg2 25. Kxg2 Qg5 26. Qxg5 hxg5 27. Rdb2 Ra8 28. Rxb6 Rxa4 29. R1b4 Ra5 30. Rb7 Rc5 31. c4 g4 32. h3 Re5 33. hxg4 Rxe4 34. c5 Re5 35. Rf4 f6 36. Rc4 {Fish,G (2471)-Fedorchuk,S (2406) Sevastopol 2000 1-0 (84)}) ({RR} 21... Rfc8 22. h3 Bf3 23. Rb1 Bxg2 24. Kxg2 Qa5 {½-½ (24) Van Wely,L (2646)-Short,N (2683) Wijk aan Zee 2000}) 22. Qxc6 Bxg2 23. Kxg2 Qe5 24. Qc4 Rfc8 25. Qd4 Qa5 26. Rb1 h6 27. Rb4 Qc5 28. Rd3 Qc7 {White has clear advantage and reasonable winning chances, although the weakness of the c-pawn of course complicates the technocal task.} 29. a4 Rd8 30. Qe3 Rxd3 31. Qxd3 Rc8 32. Qb1 Qxc3 33. Rxb6 Rc4 34. Rb8+ Kh7 35. Rb7 f6 36. Re7 Rb4 37. Qa2 Qc4 38. Qxc4 Rxc4 39. a5 Ra4 40. Rxe6 Rxa5 41. Rd6 Ra4 42. Kf3 Ra3+ 43. Ke2 h5 44. Rd3 Ra2+ 45. Ke3 Kg6 46. h3 Ra4 47. f4 Rb4 48. Ra3 Rc4 49. g4 hxg4 50. hxg4 Rb4 51. Ra6 Kf7 52. Ra7+ Kg6 53. f5+ Kh6 54. g5+ fxg5 55. e5 g4 56. e6 Kg5 1/2-1/2

[Event "PCA-World-ch Kasparov-Anand +4-1=13"]
[Site "New York"]
[Date "1995.09.12"]
[Round "2"]
[White "Kasparov, Garry"]
[Black "Anand, Viswanathan"]
[Result "1/2-1/2"]
[WhiteElo "2795"]
[BlackElo "2725"]
[Annotator "De Firmian,Nick"]
[PlyCount "58"]
[EventDate "1995.09.11"]
[EventType "match"]
[EventRounds "18"]
[EventCountry "USA"]
[SourceTitle "CBM 049"]
[Source "ChessBase"]
[SourceDate "1995.12.01"]
[SourceVersion "1"]
[SourceVersionDate "1995.12.01"]
[SourceQuality "1"]

1. d4 {Golod,Vitali} Nf6 2. c4 e6 3. Nc3 Bb4 4. Qc2 d5 5. cxd5 Qxd5 6. e3 c5 7. Bd2 {The World Champion varies from his latest outing. Kasparov-Nikolic, Moscow (ol) 1994 saw the more common 7.a3, with Black quickly equalizing after 7...cxd4 8.axb4 dxc3 9.bxc3 b5 10.Nf3 O-O 11.c4 bxc4 12.Bxc4 Qxe4 13.Bd3 Qxb4+ 14.Ke2 Qb6.} Bxc3 8. Bxc3 {Much less common than 8.bxc3, which was popular in the 1930s. GM Yasser Seirawan, who is serving as one of the guest commentators, came up with an interesting novelty while analysing today. He proposes to answer 8.bxc3 with 8...Qe4!? (8...O-O is normal).} cxd4 (8... Nc6 9. Ne2 O-O 10. Nf4 Qd6 11. dxc5 Qxc5 $10 {Bagirov in ECO E.}) 9. Bxd4 Nc6 10. Bxf6 {This appears to be a new move, previous experience being confined to 10.Bc3. Finegold-Smyslov, London 1988, was quickly drawn after 10...e5 11.Nf3 Bg4 12. Be2 O-O 13.Qb3 Qxb3 14.axb3 Rfe8 15.Bb5 Nd7 16.Bxc6 bxc6 17.Ra5 f6. It's safe to assume that the text, which was played instantly, is part of Kasparov's pre-match preparation.} ({RR} 10. Bc3) 10... gxf6 11. Ne2 Bd7 12. a3 {A necessary preventive move, as 12.Nc3 Nb4 is good for Black.} ({RR} 12. Nc3 Nb4 13. Qc1 Qg5 14. a3 Nc6 15. Ne4 Qe5 16. Bd3 O-O-O 17. f4 Qd5 18. Qc2 f5 19. Nc5 Rhg8 20. Rg1 Qd6 21. Kf2 Kb8 22. Rgd1 Qe7 23. Bb5 Ne5 24. Nxd7+ {½-½ (24) Bareev,E (2729)-Anand,V (2753) Monte Carlo 2003}) 12... Qe5 ({RR} 12... Rc8 13. Nc3 Qa5 14. Rd1 Ne5 15. Be2 Bc6 16. f3 Qb6 17. Rd4 Bd7 18. f4 Nc6 19. Rd3 Ne7 20. Kf2 Bb5 21. Rd2 Bxe2 22. Rxe2 Nf5 23. Rd1 Rg8 24. g3 Qc6 25. Qe4 Qxe4 26. Nxe4 Ke7 27. Red2 {Melikhov,E (2138)-Levitan,J (2082) chess.com INT 2025 1-0 (37)}) 13. Nc3 f5 $146 {Another approach was possible. Several GMs commenting on the game were attracted to 13...Nd4 intending to redeploy the Knight to f5. Anand, in the post-game press conference said he rejected the move because he wanted to place his pawn on f5, and not a piece. Still the move looks worthy of future tests. One possible line might go 13...Nd4 14.Qd1 Nf5 15.Qh5 Bc6 16.O-O-O Rc8 14.Kb1 Ke7 with very sharp and unclear play.} ({RR} 13... Nd4 14. Qd3 ({RR} 14. Qd3 {RR} Nf5 15. Be2 ({RR} 15. e4 Ne7 16. O-O-O O-O-O 17. Qe3 Kb8 18. f4 Qc7 19. Bd3 h5 20. Rd2 h4 21. Rhd1 Bc6 22. Kb1 a6 23. Bc2) 15... O-O-O) 14... Nf5 15. e4 Ne7 16. O-O-O O-O-O 17. Qe3 Kb8 18. f4 Qc7 19. Bd3 h5 20. Rd2 h4 21. Rhd1 Bc6 22. Kb1 a6 23. Bc2 {½-½ (23) Bareev,E (2734)-Adams,M (2723) Enghien les Bains 2003}) ({RR} 13... Nd4 14. Qd1 Nf5 15. Qc2 O-O-O ({RR} 15... Bc6 16. O-O-O Nd6 ({RR} 16... O-O 17. Bd3) 17. Kb1 O-O-O) 16. Bb5 ({RR} 16. O-O-O Bc6 17. Bd3 Bxg2 ({RR} 17... Nd6 18. Kb1 Kb8 ({RR} 18... Bxg2 19. f4) 19. Qe2) 18. Rhg1 Bh3 ({RR} 18... Bc6 19. Bxf5 Rxd1+ 20. Rxd1 exf5 21. Rd4) ({RR} 18... Bf3 19. Bxf5 exf5 ({RR} 19... Bxd1 20. Nxd1+ Kb8 21. Be4 Rc8 22. Nc3 f5 23. Bf3 Qxh2 24. Rh1 Qc7 25. Kb1) 20. Rxd8+ Rxd8 21. Rg3 Bc6 22. Qe2 Be4 23. Rh3 Bd3 24. Qf3 Be4 25. Qe2) 19. Ne4+ Kb8 20. Kb1 h5 ({RR} 20... Nd6 21. f4 Qa5 22. Nxf6) 21. Qe2 Rh6 22. Bc2 Rc8 ({RR} 22... Rxd1+ 23. Rxd1 Rh8 ({RR} 23... Qc7 24. Qb5 a6 25. Qe8+ Ka7 26. Rd7 Qc6 27. Qxf7) 24. Rd7 Rc8 25. Rxf7) 23. Rd7 a6 ({RR} 23... Qxh2 24. Qb5 Qxg1+ 25. Ka2 Rc7 26. Rd8+ Rc8 27. Nc5 Nd6 28. Qxb7+ Nxb7 29. Na6+ Ka8 30. Rxc8#) ({RR} 23... Rg6 24. Rxg6 fxg6 25. f4 Qa5 26. Nxf6) 24. f4 Qa5 25. Rxf7 Qb6 26. Nxf6 Rxf6 27. Rxf6 Nxe3 28. Bd3 Bg4 29. Rxg4 ({RR} 29. Qf2 Qd4 30. Bh7 Rh8 31. h3 Qxf6 32. Qxe3 Rxh7 33. hxg4 hxg4) 29... hxg4) 16... Bxb5 17. Nxb5+ Kb8 18. Nc3 Rhg8 19. g3 ({RR} 19. Rd1 Rxd1+ ({RR} 19... Nh4 20. Rxd8+ Rxd8 21. Qe4 Ng6 ({RR} 21... Qxe4 22. Nxe4 Nxg2+ 23. Ke2 f5 24. Ng5 Nh4) ({RR} 21... Qg5 22. g3 Ng6 23. O-O) 22. Qxe5+ Nxe5 23. Ke2 Nc4 24. Rd1 Rxd1 ({RR} 24... Rf8 25. Rd7 Nxb2 26. Ne4) 25. Nxd1) ({RR} 19... Nd6 20. O-O) 20. Qxd1 a6 ({RR} 20... Qc5 21. O-O) 21. O-O Nh4 22. g3 Qf5 23. f3 Qe5 24. Qe2 Nf5 25. Ne4 Nd6) 19... Nd4 20. Qd1 ({RR} 20. Qa4 Nf3+ 21. Ke2 Qh5 22. Qf4+ Ne5+ ({RR} 22... e5) 23. Kf1 ({RR} 23. f3 Ka8 24. h3 ({RR} 24. Raf1 Nd3) 24... Nd3 25. Qxf6 Qc5 26. Qh4 Nxb2 27. Qb4 Qxb4 28. axb4 Rxg3 29. Rag1 Rg6) 23... Rg5 24. Qxf6 Rc8 25. Qe7 Qh3+ 26. Ke2 ({RR} 26. Ke1 Rf5) 26... Qf5 27. Qd6+ Ka8 28. Rhc1 Rgg8) 20... Nb5 ({RR} 20... h5 21. O-O Nb5 22. Qb3 ({RR} 22. Qc2 Nxc3) 22... Nxc3 23. bxc3 h4 24. Rab1 b6 25. Rfd1 hxg3 26. Rxd8+ Rxd8 27. hxg3 Rc8 ({RR} 27... Rh8)) 21. Qc2 Nxc3 22. bxc3 h5 ({RR} 22... Rc8 23. O-O ({RR} 23. Rc1 h5) 23... f5 24. Rac1 h5 ({RR} 24... Rc4 25. Rfd1 Rgc8 26. Rd4) 25. Rfd1 h4 26. Rd7 Rc7 27. Qd3 hxg3 28. hxg3 Rgc8) 23. O-O h4 ({RR} 23... Rc8 {RR} 24. c4 ({RR} 24. Rad1 Rxc3 25. Qh7 Rgc8 26. Qxf7 Rxa3 27. Rc1 Rac3 28. Rxc3 Rxc3 29. Rb1 b6) ({RR} 24. Rac1 h4 25. Rfd1 hxg3 26. hxg3 Rh8)) 24. Rfd1 Rc8 ({RR} 24... hxg3 25. hxg3 Qh5 26. Kg2 Rxd1 27. Rxd1 Rh8 28. Qd3) 25. c4 ({RR} 25. Rd7 hxg3 26. hxg3 Rxc3 27. Qh7 ({RR} 27. Qb2 Rc7) 27... Rgc8 ({RR} 27... Rf8 28. Rad1 ({RR} 28. Rxf7 Rxf7 29. Qxf7 Rc7) 28... a6 29. Rxf7 Rxf7 30. Qxf7 Ka7 31. Qe7 f5 32. Qb4) ({RR} 27... Rxg3+ 28. fxg3 Qxe3+ 29. Kg2 Qf3+ ({RR} 29... Qxg3+ 30. Kh1 Qf3+) 30. Kh2 Qf2+ 31. Kh1 Qf3+ 32. Kh2) 28. Rxf7 Qd5 29. e4 Qb5 30. Qh6 ({RR} 30. Rxf6 Qe5 31. Qh6 ({RR} 31. Qg6 Rf3 32. Rxf3 Qxa1+ 33. Kg2 Rh8) 31... Rxg3+ 32. fxg3 Qxa1+ 33. Kg2 Qxa3 34. Rxe6 ({RR} 34. Qf4+ Ka8 35. Rxe6 Qa2+) 34... Qb2+ 35. Kf3 a5) 30... Qe5 31. Qxf6 Rxg3+ 32. fxg3 Qxg3+ 33. Kh1 Qh3+ 34. Kg1 Qg3+ 35. Kh1 ({RR} 35. Kf1 Qh3+)) ({RR} 25. Rd4 hxg3 26. hxg3 Rh8 27. Rb1 Qh5 ({RR} 27... b6 28. Qd3 Qh5 29. Rh4 Qf3 30. Rbb4) 28. Rxb7+ ({RR} 28. Rh4 Qd5) 28... Kxb7 29. Qb1+ Kc7 30. Rc4+ Kd8 31. Rh4 Qxh4 32. gxh4 Rxh4 33. f4 Rh5 34. Qb7 Rc7 35. Qb8+ Kd7 36. Qf8 Kc6 37. Qa8+ Kd7 38. Qf8) 25... hxg3 26. hxg3 Rg4 ({RR} 26... Rh8 27. Rab1 Qh5 28. Qe4 Rc7) 27. Rac1 Rh8 ({RR} 27... Qh5 28. Qd3 Rh8 29. Qd6+ Kc8 30. Qd7+ Kb8 31. Qd6+) ({RR} 27... Qc5 28. Rd7 Qxa3 29. c5 Rxg3+ ({RR} 29... Rg5 30. c6 bxc6 ({RR} 30... Rxc6 31. Rxb7+ Kxb7 32. Qxc6+ Kb8 33. Qc8#) 31. Rxf7) 30. fxg3 Qxe3+ 31. Kg2 ({RR} 31. Kh2 Rh8+ 32. Kg2) 31... Rg8 32. Rd2 Qxg3+ 33. Kh1 Qf3+ 34. Rg2 Qh3+ 35. Rh2 ({RR} 35. Kg1 Rxg2+ 36. Qxg2 Qe3+) 35... Qf3+) 28. Qd2 {Schenk,A (2499)-Van den Doel,E (2609) Germany 2004 CBM 100 [Golod,Vitali] 0-1 (57)}) 14. O-O-O O-O-O 15. g3 Kb8 16. Be2 {This move was played after what must be one of Kasparov's longest thinks in his career - 44 minutes! The natural looking follow up to White's last move would be 16.Bg2, but then Black has 16...Ne7 followed by ...Bc6.Those looking to improve on White's opening play might want to consider GM Walter Browne's suggestion of 16.Qa4, planning to meet 16...Qa5 with 17.Qh4.. Objectively White might not have much of an advantage, but it would probably create livelier play than what follows - play that Anand called "not rock and roll" in the press conference.} Ne7 17. Qd3 Qc7 {Always beware of World Champions offering gifts. Here Anand avoids the obvious 17...Bc6? which win material but leads to a difficult position after 18.Qxd8+ Rxd8 19.Rxd8+ Kc7 20.Rhd1 Nd5 21. R8xd5 exd5 (21...B xd5 22.Nxd5+ exd5 23.Bf3 is probably even worse) 22.Rd4 when White has no weaknesses and Black no counterplay.} 18. Qd6 Bc6 19. Qxc7+ Kxc7 20. Rhe1 Rxd1+ 21. Rxd1 Rd8 22. Rxd8 Kxd8 23. Kd2 {Kasparov has an infinitesimal advantage that is impossible to convert against Anand's accurate play.} Nc8 24. Kd3 Nd6 25. Kd4 b6 26. b4 Ke7 27. f4 h6 28. a4 f6 29. a5 Bd7 {White's only way to continue play was h2-h3 followed by g4, but since every pawn exchange favors the defender its easy to see why the two players agreed to split the point.} 1/2-1/2